00834nam a22002417a 4500003000400000005001700004008004100021020001800062040001200080050001400092100001600106245003200122250001200154260004000166300001500206490003600221500001900257505015000276650004200426650006200468650003900530650002300569OSt20230606090447.0140916b xxu||||| |||| 00| 0 eng d a9780230285682 cWIUC-GH aKD640.M47 aMcLeod, Ian aLegal method. /cIan McLeod a8th ed. aLondon :bPalrave Macmillan,c2011. axxi 317 p. 3Palgrave Macmillan law master's aIncludes index aContents: An introduction to law and legal reasoning -- The classification of English law - The jurisdictions of the principal English courts --  aLaw -- Great Britain -- Methodology  2Law -- Great Britain -- Interpretation and construction  aLaw -- Great Britain -- Language  aLaw -- Methodology